00702nam a2200229 a 4500001001300000003000900013005001700022008004100039020001000080082001700090100003100107245005900138260003300197300000900230500003500239650002000274700003100294902000800325942000700333952011700340999001500457nice12345678IN_TiNIC20260116012004.0070913s2000 luca grp 000 0 urd  ac10000a297.4bKHA12 aKhan, Mohammad Najmulghani aTahzibul Aqaidbtarjuma-E-urdu Sharah-E-aqaid-e-nasafi aLucknow bNo Publisherc2000 a204p aincludes index and biblioraphy aIslam-Doctrines1 aKhan, Mohammad Najmulghani bRBA cBK 001040708RareBook->aHMIbHMId2007-09-13g100.00l0o297.4 KHA12p07985r2007-09-13v100.00w2007-09-13yBK c5179d5179